Health promotion inter-change.

Bibliographic Details
Corporate Author: Texas. Department of Health. Public Health Promotion Program
Format: Government Document Journal
Language:English
Published: Austin, Tex. : Texas Dept. of Health, Public Health Promotion Program.
Subjects:

MARC

Tag First Indicator Second Indicator Subfields
LEADER 00000cas a2200000 a 4500
001 in00001407549
005 20151020062224.0
008 980212c199u9999txuqr p s0 0eng d
035 |a (OCoLC)38428792 
035 |9 AHP1000AM 
040 |a IKM  |c IKM  |d TXA  |d UtOrBLW 
049 |a TXAO 
086 |a H600.6 H349P  |2 txdocs 
245 0 0 |a Health promotion inter-change. 
246 3 0 |a Inter-change 
264 1 |a Austin, Tex. :  |b Texas Dept. of Health, Public Health Promotion Program. 
300 |a volumes :  |b illustrations, maps ;  |c 28 cm. 
310 |a Quarterly 
336 |a text  |b txt  |2 rdacontent 
337 |a unmediated  |b n  |2 rdamedia 
338 |a volume  |b nc  |2 rdacarrier 
500 |a Description based on: Volume 1, number 3 (winter 1997); title from caption. 
650 0 |a Health promotion  |z Texas  |x Periodicals. 
650 0 |a Public health  |z Texas  |x Periodicals. 
710 1 |a Texas.  |b Department of Health.  |b Public Health Promotion Program. 
948 |a c:jrh 
999 |a MARS 
999 f f |s f687a5c8-c36b-3844-8336-4ca72c12f186  |i 18813084-d3a8-33de-8a93-5d1d66d15bde  |t 0 
952 f f |p serial  |a Texas A&M University  |b College Station  |c Sterling C. Evans Library  |d Evans: Texas Documents (Annex 5th floor)  |t 0  |e H600.6 H349P  |h Superintendent of Documents classification  |i unmediated -- volume  |k v.1:no.3-v.3:no.4  |l 1997:Winter-1999:Winter  |m A14823059237 
952 f f |p serial  |a Texas A&M University  |b College Station  |c Sterling C. Evans Library  |d Evans: Texas Documents (Annex 5th floor)  |t 0  |e H600.6 H349P  |h Superintendent of Documents classification  |i unmediated -- volume  |k v.4:no.1-v.5:no.3  |m A14826667186 
998 f f |a H600.6 H349P  |s v.5:no.2-3  |t 0  |l Evans: Texas Documents (Annex 5th floor)